00226nam a2200085Ia 4500001000800000005001700008008004100025245004900066260002500115122797820250827093033.0250824s9999 xx 000 0 und d 0aEYVALLAH cKAHRAMAN TAZEOĞLU  bDESTEK YAYINLARI